Topics in local algebra /

Guardado en:
Autor Principal: Dieudonné, Jean Alexandre, 1906-
Otros Autores: Borelli, Mario. (Editor , Colaborador)
Formato: Libro
Idioma:English
Publicado: Notre Dame, Indiana : [University of Notre Dame Press], 1967.
Series:Notre Dame mathematical lectures ; no. 10
Etiquetas: Agregar Etiqueta
Sin Etiquetas, Sea el primero en etiquetar este registro!
LEADER 00699nam a22001815 4500
001 MAT.inmabb001928
008 840711s1967####inu###########000#0#eng#d
005 20160804172221.0
245 1 0 |a Topics in local algebra /  |c lectures delivered at the University of Notre Dame by Jean Dieudonné ; edited and supplemented by Mario Borelli. 
260 |a Notre Dame, Indiana :  |b [University of Notre Dame Press],  |c 1967. 
300 |a 122 p. ;  |c 23 cm. 
440 0 |a Notre Dame mathematical lectures ;  |v no. 10 
510 4 |a MR,  |c 39 #2748 
100 1 |a Dieudonné, Jean Alexandre,  |d 1906- 
700 1 |a Borelli, Mario.  |4 edt  |4 clb 
084 |a 13Hxx  |2 msc2000 
010 |a  67030420  
859 |h 13  |i D567  |p A-3490  |b BIB. MATEMATICA